[Event "Mecklenburg VP-ch U14"]
[Site "Malchow"]
[Date "2019.02.05"]
[Round "5.8"]
[White "Kirchner, Bao Long Marc"]
[Black "Decker, Nils1111"]
[Result "1-0"]
[WhiteElo "1077"]
[BlackElo "996"]
[PlyCount "91"]
[EventDate "2019.02.02"]
[EventType "swiss"]
[EventRounds "7"]
[EventCountry "GER"]
[SourceTitle "EXT 2022"]
[Source "ChessBase"]
[SourceDate "2021.10.06"]
[SourceVersion "1"]
[SourceVersionDate "2021.10.06"]
[SourceQuality "1"]

1. e4 e5 2. Nf3 Nc6 3. d4 Nf6 4. Nc3 d6 5. a3 Bg4 6. Be3 g6 7. h3 Bd7 8. d5 Ne7 9. Bg5 Bg7 10. Qd2 h6 11. Be3 c5 12. b3 a6 13. b4 b6 14. b5 axb5 15. Nxb5 Ra5 16. Nxd6+ Kf8 17. Nb7 Qc7 18. Nxa5 bxa5 19. d6 Nxe4 20. Qd3 Nxd6 21. Qe2 Ndf5 22. Qd2 e4 23. Rd1 Bf6 24. Qxd7 Qxd7 25. Rxd7 exf3 26. Bxc5 fxg2 27. Bxg2 Kg7 28. c4 Rc8 29. Bb6 Rxc4 30. Bxa5 Bc3+ 31. Bxc3+ Rxc3 32. Ra7 Nd4 33. Rxe7 Rxa3 34. Re4 Ra1+ 35. Kd2 Ra2+ 36. Ke3 Nc2+ 37. Kd3 Nb4+ 38. Rxb4 Rxf2 39. Rg1 Rf6 40. Rb7 Rd6+ 41. Kc3 Re6 42. Rf1 Re3+ 43. Kd4 Re8 44. Rfxf7+ Kg8 45. Rbe7 Rd8+ 46. Bd5 1-0

[Event "Mecklenburg VP-ch U14"]
[Site "Malchow"]
[Date "2019.02.05"]
[Round "6.8"]
[White "Quade, Luca"]
[Black "Kirchner, Bao Long Marc"]
[Result "1-0"]
[WhiteElo "1194"]
[BlackElo "1077"]
[PlyCount "69"]
[EventDate "2019.02.02"]
[EventType "swiss"]
[EventRounds "7"]
[EventCountry "GER"]
[SourceTitle "EXT 2022"]
[Source "ChessBase"]
[SourceDate "2021.10.06"]
[SourceVersion "1"]
[SourceVersionDate "2021.10.06"]
[SourceQuality "1"]

1. e4 e5 2. Nf3 Nc6 3. Bc4 d6 4. 0-0 Nf6 5. Nc3 g6 6. Ng5 Ng4 7. Nxf7 Qh4 8. h3 Rg8 9. Nxd6+ Bxd6 10. Bxg8 Nf6 11. Bd5 Qg5 12. d3 Qh4 13. Be3 Bg4 14. hxg4 Nxg4 15. Re1 Qh2+ 16. Kf1 Qh1+ 17. Ke2 Qxg2 18. Rg1 Nd4+ 19. Bxd4 Qh3 20. Kd2 exd4 21. Qxg4 Qh6+ 22. Kd1 dxc3 23. Qe6+ Kd8 24. Qf6+ Be7 25. Qxc3 Qh2 26. Ke2 Qh5+ 27. f3 Qh2+ 28. Ke3 Qh6+ 29. f4 Qh3+ 30. Kd4 c5+ 31. Kc4 Ke8 32. Qh8+ Bf8 33. Qe5+ Be7 34. Rh1 b5+ 35. Kc3 1-0

[Event "Mecklenburg VP-ch U14"]
[Site "Malchow"]
[Date "2019.02.03"]
[Round "2.10"]
[White "Kirchner, Bao Long Marc"]
[Black "Hampe, Tobias"]
[Result "1-0"]
[WhiteElo "1077"]
[BlackElo "809"]
[PlyCount "51"]
[EventDate "2019.02.02"]
[EventType "swiss"]
[EventRounds "7"]
[EventCountry "GER"]
[SourceTitle "EXT 2022"]
[Source "ChessBase"]
[SourceDate "2021.10.06"]
[SourceVersion "1"]
[SourceVersionDate "2021.10.06"]
[SourceQuality "1"]

1. e4 e5 2. Nf3 Nc6 3. d4 exd4 4. Nxd4 Bc5 5. c3 Nf6 6. Nd2 Bxd4 7. cxd4 Nxd4 8. e5 Ng8 9. Qg4 Ne6 10. Bc4 g6 11. Ne4 d5 12. Bg5 Nxg5 13. Qxg5 Qxg5 14. Nxg5 dxc4 15. 0-0 Be6 16. Rad1 Ne7 17. Ne4 0-0 18. Nf6+ Kg7 19. Rd4 Nc6 20. Rh4 h5 21. f4 c3 22. bxc3 Bxa2 23. h3 g5 24. Nxh5+ Kg6 25. f5+ Kh7 26. Nf6+ 1-0